000 00423nam a22001217a 4500
008 241112b xxu||||| |||| 00| 0 eng d
020 _a9789966531148
082 _a342
_bLEN 2023
245 _aConstitutional Law, Doctrines and the Litigation of Fundamental Rights and Freedoms /
_cIsaac Lenaola & Arnold Ochieng Oginga
260 _aNairobi:
_b Law Africa Publishing (K) Ltd,
_c2023
300 _axiv, 538p
942 _2ddc
_cBK
999 _c4045
_d4045